ភាសាខ្មែរថ្នាក់ទី៦ / (Record no. 6888)

MARC details
000 -LEADER
fixed length control field 02122nam a22002177a 4500
001 - CONTROL NUMBER
control field 6888
003 - CONTROL NUMBER IDENTIFIER
control field FISKH
005 - DATE AND TIME OF LATEST TRANSACTION
control field 20250604124330.0
008 - FIXED-LENGTH DATA ELEMENTS--GENERAL INFORMATION
fixed length control field 250604b cb ||||| |||| 00| 0 eng d
020 ## - INTERNATIONAL STANDARD BOOK NUMBER
International Standard Book Number 9789995001438
040 ## - CATALOGING SOURCE
Original cataloging agency FISKH
Language of cataloging khr
Transcribing agency FISKH
Modifying agency FISKH
082 ## - DEWEY DECIMAL CLASSIFICATION NUMBER
Classification number 400
100 ## - MAIN ENTRY--PERSONAL NAME
Personal name Sivleng, Chheurn
245 ## - TITLE STATEMENT
Title ភាសាខ្មែរថ្នាក់ទី៦ /
Statement of responsibility, etc. លោកស្រី ឈឺន សុីវឡេង , លោក យ៉ង់ កំស៊ាន , លោកស្រី ជា ចាន់នារី និង លោកស្រី ស៊ុន សូម៉ាណា
260 ## - PUBLICATION, DISTRIBUTION, ETC.
Place of publication, distribution, etc. ភ្នំពេញ :
Name of publisher, distributor, etc. គ្រឺះស្ថានបោះពុម្ពនិងចែកផ្សាយ ,
Date of publication, distribution, etc. 2012 .
300 ## - PHYSICAL DESCRIPTION
Extent 156 pages :
Other physical details illustrations ;
Dimensions 25 cm .
520 ## - SUMMARY, ETC.
Summary, etc. សៀវភៅភាសាខ្មែរថ្នាក់ទី៦ ដែលបោះពុម្ពផ្សាយដោយក្រសួងអប់រំ យុវជន និងកីឡា នៃព្រះរាជាណាចក្រកម្ពុជា មានគោលបំណងបង្កើនសមត្ថភាពរបស់សិស្សក្នុងការអាន ការសរសេរ និងការយល់ដឹងអំពីភាសាខ្មែរ។ សៀវភៅនេះជាផ្នែកមួយនៃភាគហ៊ុនមូលដ្ឋាននៃមុខវិជ្ជាផ្លូវការជាតិ ហើយមានបំណងអភិវឌ្ឍជំនាញអក្ខរកម្មរបស់សិស្សតាមរយៈមេរៀនដ៏គួរឱ្យចាប់អារម្មណ៍នានា។<br/><br/>
520 ## - SUMMARY, ETC.
Summary, etc. The Grade 6 Khmer Language Textbook, published by the Ministry of Education, Youth and Sport of Cambodia, is designed to enhance students' proficiency in reading, writing, and understanding the Khmer language. This textbook is part of the national curriculum and aims to develop students' literacy skills through various engaging lessons.
942 ## - ADDED ENTRY ELEMENTS (KOHA)
Source of classification or shelving scheme Dewey Decimal Classification
Koha item type Khmer Books
Suppress in OPAC No
Holdings
Withdrawn status Lost status Source of classification or shelving scheme Damaged status Not for loan Collection Home library Current library Shelving location Date acquired Total Checkouts Full call number Barcode Date last seen Copy number Price effective from Koha item type
    Dewey Decimal Classification     Khmer Language Books / សៀវភៅភាសាខ្មែរ Footprints International School Library Network Toul Tom Poung Campus Footprints International School Library Network Toul Tom Poung Campus TTP Secondary Khmer Bookshelves 06/04/2025   SIV 400 2025-1481 06/04/2025 1 06/04/2025 Khmer Books